Illustrated MS/PC-DOS (Record no. 9507)
[ view plain ]
| 000 -LEADER | |
|---|---|
| fixed length control field | 00234nam a2200109 4500 |
| 082 ## - DEWEY DECIMAL CLASSIFICATION NUMBER | |
| Classification number | STU |
| 100 ## - MAIN ENTRY--AUTHOR NAME | |
| Personal name | Stultz, Russel |
| 245 ## - TITLE STATEMENT | |
| Title | Illustrated MS/PC-DOS |
| 260 ## - PUBLICATION, DISTRIBUTION, ETC. (IMPRINT) | |
| Place of publication | India: |
| Name of publisher | BPB Publications, |
| Year of publication | 1989. |
| 300 ## - PHYSICAL DESCRIPTION | |
| Number of Pages | 267p. ; |
| 942 ## - ADDED ENTRY ELEMENTS (KOHA) | |
| Koha item type | Books |
| Withdrawn status | Lost status | Home library | Current library | Date acquired | Cost, normal purchase price | Full call number | Accession Number | Koha item type |
|---|---|---|---|---|---|---|---|---|
| Central Library, QUEST, Nawabshah | Central Library, QUEST, Nawabshah | 08/09/2014 | 90.00 | STU | 18132 | Books | ||
| Seminar Library, Mathematics & Statis. | Seminar Library, Mathematics & Statis. | 08/09/2014 | 90.00 | STU | 18131 | Books |